Περί κοπώσεως

Αποθηκεύτηκε σε:
Λεπτομέρειες βιβλιογραφικής εγγραφής
Κύριος συγγραφέας: Handke, Peter
Μορφή: Βιβλίο
Γλώσσα:Greek
German
Δημοσίευση: Αθηνα : Καστανιώτη, 1994.
Θέματα:
Ετικέτες: Προσθήκη ετικέτας
Δεν υπάρχουν, Καταχωρήστε ετικέτα πρώτοι!

MARC

LEADER 00000cam a2200000 a 4500
001 1/123389
008 210722s1994####gr | ||| |||| ||gre||
020 |a 9600310904 
040 |a GR-MyUa  |b gre  |c GR-MyUa  |e AACR2 
041 1 |a gre  |h ger 
082 7 |a 834   |2 (23) 
100 1 |a Handke, Peter. 
245 1 0 |a Περί κοπώσεως /   |c Πέτερ Χάντκε ; μετάφραση: Μαρία Αγγελίδου. 
260 |a Αθηνα :   |b Καστανιώτη,   |c 1994. 
300 |a 70 σ. ;   |c 21 εκ. 
500 |a Τίτλος πρωτοτύπου: Versuch über die Müdigkeit. 
650 0 |a Austrian literature. 
852 |a INST  |b SYROS  |e 20210719  |h 834 HAN  |p 005500014104  |q 005500014104  |t BK  |y 0 
970 |a Κοντού  |b Παρασκευή  |z 22/07/2021